00706cam a2200229 a 4500001000800000005001700008008004100025010001700066020001500083040001300098041000800111080001400119082002100133100000600154101000800160245007000168504005100238906004500289942001200334999001700346952011300363404391120180116045447.0981001s1998 mdua b 001 0 eng  a 98204990  a1569000859 aDLCcDLC aeng a615.8515 00a615.8515 KAT221 a8 aEGF00aCognition and occupation in rehabilitation :cNoomi Katz, editor. aIncludes bibliographical references and index. a7bcbccorignewd2encipf19gy-gencatlg 2ddccBK c40361d40361 00102udc40708PËKGa002b002cKLMd2018-01-16l0o615.8515 KATp002-2995571r2018-01-16w2018-01-16yBK